Xác định tuổi thọ thiết bị trên cơ sở độ tin cậy - tính cho độ mòn mặt lăn bánh xe của đầu máy xe lửa tại xí nghiệp đầu máy Sài Gòn

Wedi'i Gadw mewn:
Manylion Llyfryddiaeth
Prif Awdur: Võ, Trọng Cang
Awduron Eraill: Nguyễn, Anh Tuấn
Fformat: Llyfr
Iaith:Undetermined
Pynciau:
Mynediad Ar-lein:http://lrc.tdmu.edu.vn/opac/search/detail.asp?aID=2&ID=35764
Tagiau: Ychwanegu Tag
Dim Tagiau, Byddwch y cyntaf i dagio'r cofnod hwn!
Thư viện lưu trữ: Trung tâm Học liệu Trường Đại học Thủ Dầu Một
LEADER 00842nam a2200157Ia 4500
001 TDMU_35764
008 210410s9999 xx 000 0 und d
082 |a 600 
100 |a Võ, Trọng Cang 
245 0 |a Xác định tuổi thọ thiết bị trên cơ sở độ tin cậy - tính cho độ mòn mặt lăn bánh xe của đầu máy xe lửa tại xí nghiệp đầu máy Sài Gòn 
245 0 |c Võ Trọng Cang, Nguyễn Anh Tuấn 
300 |a Tr.84-88 
650 |a Khoa học Công nghệ; Bảng tính; Tuổi thọ; Độ tin cậy; Đầu máy xe lửa; Độ mòn mặt lăn bánh xe 
700 |a Nguyễn, Anh Tuấn 
856 |u http://lrc.tdmu.edu.vn/opac/search/detail.asp?aID=2&ID=35764 
980 |a Trung tâm Học liệu Trường Đại học Thủ Dầu Một